| 000 | 00000nam##2200000za#4500 |
| 001 | 9.644117 |
| 003 | CaOODSP |
| 005 | 20250403105406 |
| 007 | cr ||||||||||| |
| 008 | 150407|2015||||xxc|||||o f|0| 0 fre|d |
| 020 | |a978-0-660-23133-4 |
| 040 | |aCaOODSP|bfre |
| 043 | |an-cn--- |
| 086 | 1 |aCS62-604/2015F-PDF |
| 245 | 00|aSurvol du premier siècle de l'Indice des prix à la consommation au Canada |h[ressource électronique] |
| 260 | |aOttawa - Ontario : |bStatistique Canada |cDate de diffusion : le 6 février 2015. |
| 300 | |a23p.|bfigures en couleur, références, tableaux |
| 590 | |a15-06|b2015-02-06 |
| 691 | 07|aIndices des prix|2gcpds |
| 710 | 2 |aStatistique Canada. |
| 775 | 08|tExploring the first century of Canada's consumer price index |w(CaOODSP)9.700221 |
| 856 | 40|ahttp://publications.gc.ca|qPDF|s653 Ko|uhttps://publications.gc.ca/collections/collection_2015/statcan/62-604-x2015001-fra.pdf |